=LDR 00000nam 2200000 4500 =001 000177 =020 $9786025790560 =082 $650.100 =100 $Sri Lestari =245 $Kiat membangun Bank Sampah dan cara pengelolaannya =250 $Cetakan Pertama =264 $Yogyakarta: Hijaz Pustaka Mandiri 2024 =300 $vi, 116 halaman; 20 cm. =650 $Manajemen =905 $650.1 SRI k =336 $$a =337 $$a =338 $$a =005 20260702151432.0 =008 260702s2026\\\\\\\\\\\\\\\\\\\\\\\\\\\\\\\\\\\\\\\\\